01319nam a22003377a 4500003000500000005001700005008004100022010001000063011001000073035001000083040000900093090001000102100003900112245012800151260003900279300001000318502013300328590003700461590004100498590004100539590004100580590004200621650004300663650003600706650003400742901000700776942001000783949004300793999001700836952012800853CHAP20220329140650.0971013s1986 r 00010 d a55642 a56614 a60767 cCHAP aTesis00aSerrato Corona, J. Santos.9105268 aEfecto de la utilización de cuatro niveles de harina de mezquite (Prosopis juliflora SW) en dietas para cerdos en engorda aMonterrey, N.L. :bEl autor,c1986 a43 h. aTesis (M.C. Esp. en Producción Animal) -- Univ. Autónoma de Nuevo León. Fac. de Agronomía. Div. de Estudios de Postgrado aALEPHb10c20130110lUCH01h1333 aBATCH-UPDb10c20130110lUCH01h1343 aBATCH-UPDb10c20130410lUCH01h0843 aBATCH-UPDb10c20130914lUCH01h1522 aCONVERSIONb10c20130109lUCH01h133014aGanado porcinoxAlimentación.94532914aGanado porcinoxEngorda.94536214aMezquite como forraje.975380 aBK cTESIS bBCcTESd-130781eTS1h20036i60767si c55642d55642 00102local4051708TESISaBCbBCcPA_TESISd2019-12-31fTESISl0oTesisp-130781r2019-12-31 00:00:00w2019-12-31yTESIS